| 000 | 00832 a2200181 4500 | ||
|---|---|---|---|
| 003 | Nust | ||
| 005 | 20170207153219.0 | ||
| 040 | _cNust | ||
| 082 | _a621.382 | ||
| 100 | _aMaqbool, Muhammad (MSEE-8) | ||
| 245 |
_aOptimization of peak to average power ratio in OFDM systems _cMuhammad Maqbool |
||
| 260 |
_bMCS,NUST _c2004 _aRawalpindi |
||
| 300 | _axvi,130, p.; | ||
| 505 | _aIntroduction to Thesis (page-1) Evolution of OFDM and its various applications (page-5) Basics of multicarrier modulation OFDM (page-25) Peak to average power ratio (page-41) Study of existing papr solutions (page-53) Simulations and algorithmic details (page-63) Complete OFDM system simulations (page-67) Conclusion of Thesis and recommendations for future work (page-111) | ||
| 538 | _aAlmirah No 69 Shelf No 1 | ||
| 650 | _aPG Thesis | ||
| 651 | _aMSEE-8 | ||
| 942 | _cTHS | ||
| 999 |
_c181739 _d181739 |
||